| 000 | 00352nam a22001571a 4500 | ||
|---|---|---|---|
| 082 |
_aS 294.592 5 _bDEV |
||
| 245 | _aThe Devibhagavata puranam/ | ||
| 260 |
_aDelhi: _bNag, _c1986. |
||
| 300 | _a1101p. | ||
| 650 | _aDevibhgavata Purana | ||
| 650 | _aPuranas | ||
| 650 | _aVedic Literature | ||
| 650 | _aHinduism | ||
| 650 | _aReligion | ||
| 942 | _cBK | ||
| 999 |
_c10427 _d10427 |
||